000
003100000a22001450004500
003
MACL
040
_a
MACL
090
_c
42750
_d
42748
100
_a
Das, Ajay
245
_a
Faiths Fairs and Festivals of India
260
_b
Better Books
_c
2009
350
_a
495
650
_a
Religion
942
_c
BOOK
_k
294/DAS
999
_c
42299
_d
42299